00701nam a2200193Ia 4500003000900000008004100009040001600050080001800066110003500084245012200119260002800241300001600269650002900285650001900314650002900333942000700362999001500369952012300384IN-BaIIA211028s9999 xx 000 0 eng d cIIA Library a31.77bEKC-12 aEncyclopedia Britannica910946 0aEncyclopedia of Practical Photographybvol.12, Prod-SlicEastman Kodak Company  aNew YorkbAmphotoc1979 a2057-2264p. aEncyclopedia-Photography aNASA Thesaurus aPhotography-Encyclopedia cBK c6516d6516 00104070aBANbKODcGENd1980-06-27g832.00l0o031.77/ EKC-12p7249r2021-11-05v832.00w1980-06-27yBKGRs. 832.00